000 00821nam a2200265Ia 4500
999 _c41068
_d41068
003 GCL
005 20240530103613.0
008 140319s9999 xx 000 0 ara d
040 _aGCL /
_cGCL
082 0 4 _a091.1
_bم ت
100 1 _aمحمود عباس حموده
245 1 0 _aتاريخ الكتاب الاسلامى المخطوط /
_cمحمود عباس حموده
300 _a349 ص
650 0 4 _aتاريخ
650 0 4 _aالحضارة العربية الاسلامية - المعارف البحرية
650 0 4 _aالتاريخ الاسلامى
650 0 4 _aالوراقة
650 0 4 _aالمخطوطات العربية
650 0 4 _aالوثائق
650 0 4 _aالكتب
650 0 4 _aالمكتبات
650 0 4 _aالنساخون
650 0 4 _aالوراقون
942 _2ddc
_cBK